| 000 | 00826nam a22002057a 4500 | ||
|---|---|---|---|
| 999 |
_c8646 _d8646 |
||
| 003 | AR-CdUCM | ||
| 008 | 190325b ||||| |||| 00| 0 spa d | ||
| 040 |
_aMUNICIPALIDAD PROVINCIAL DEL CUSCO _cBIBLIOTECA MUNICIPAL DEL CUSCO |
||
| 082 |
_a985.0013 / _bC29A |
||
| 100 |
_aCarnero Checa, Genaro _92353 |
||
| 245 |
_aLa acción escrita : _bJosé Carlos Mariátegui, periodista (ensayo) / |
||
| 260 |
_aLima : _b[Imprenta Torres Aguirre], _c1964. |
||
| 300 |
_a219 páginas ; _c21.5 cm. |
||
| 505 | _aContenido: Noticia general sobre el periodismo peruano -- La "edad de piedra" -- "Juan Croniqueur" -- "El tiempo" y "Voces" ... | ||
| 650 |
_aEnsayos peruanos - Siglo XX _916302 |
||
| 650 |
_aJosé Carlos Mariátegui - Biografía _924176 |
||
| 650 |
_a Periodismo - Perú _924177 |
||
| 942 |
_2ddc _cLIBROS |
||
| 945 | _alccs | ||